[Event "Criciuma op-B"]
[Site "Criciuma"]
[Date "2024.01.16"]
[Round "7"]
[White "Machado, Athauan Pereira"]
[Black "Dos Santos, Nicoly Guilherme"]
[Result "1/2-1/2"]
[WhiteElo "1800"]
[BlackElo "1476"]
[PlyCount "58"]
[EventDate "2024.01.12"]
[EventType "swiss"]
[EventRounds "9"]
[EventCountry "BRA"]
[SourceTitle "CB04_2024"]
[SourceDate "2023.10.16"]
[SourceVersion "1"]
[SourceVersionDate "2023.10.16"]
[SourceQuality "1"]

1. d4 d5 2. Nf3 Nf6 3. Bf4 c5 4. e3 Qb6 5. Na3 Nc6 6. Nb5 e5 7. Nxe5 a6 8. dxc5 Bxc5 9. Nxc6 axb5 10. Nd4 Bxd4 11. exd4 0-0 12. Be2 Ra4 13. c3 Be6 14. 0-0 Qc6 15. Re1 b4 16. Qb3 Rfa8 17. cxb4 Qb6 18. a3 Qxd4 19. Be3 Qe5 20. Qd3 Bf5 21. Qd4 Qxd4 22. Bxd4 Rc8 23. Rac1 Raa8 24. Rc5 Rxc5 25. bxc5 Ne4 26. Bd3 Ra4 27. Bxe4 dxe4 28. Rd1 f6 29. h3 Kf7 1/2-1/2

[Event "Criciuma op-B"]
[Site "Criciuma"]
[Date "2024.01.13"]
[Round "2"]
[White "Machado, Athauan Pereira"]
[Black "Donato, Alice Fagundes"]
[Result "1-0"]
[WhiteElo "1800"]
[BlackElo "1145"]
[PlyCount "85"]
[EventDate "2024.01.12"]
[EventType "swiss"]
[EventRounds "9"]
[EventCountry "BRA"]
[SourceTitle "CB04_2024"]
[SourceDate "2023.10.16"]
[SourceVersion "1"]
[SourceVersionDate "2023.10.16"]
[SourceQuality "1"]

1. d4 d5 2. Nf3 c6 3. Bf4 Nf6 4. e3 Bf5 5. Bd3 Bg6 6. Nbd2 Bxd3 7. cxd3 e6 8. 0-0 Nbd7 9. Ne5 Nb6 10. Ndf3 Be7 11. Rc1 0-0 12. h3 Nbd7 13. Qe2 Rc8 14. a4 Re8 15. Nxd7 Qxd7 16. Ne5 Qd8 17. Ng4 b6 18. Qf3 Nxg4 19. Qxg4 Bf8 20. h4 f5 21. Qg3 Be7 22. h5 Kh8 23. Be5 Bf6 24. h6 Bxe5 25. Qxe5 Qf6 26. hxg7+ Kxg7 27. b4 Kf7 28. Qxf6+ Kxf6 29. Rc2 e5 30. Rfc1 Re6 31. dxe5+ Kxe5 32. f4+ Kf6 33. Kf2 a6 34. d4 b5 35. a5 Ke7 36. Rh1 Rh8 37. Rh5 Kf6 38. Rh6+ Kf7 39. Rxe6 Kxe6 40. Rxc6+ Kd7 41. Rxa6 h5 42. Rf6 Rc8 43. Rxf5 1-0

[Event "Criciuma op-B"]
[Site "Criciuma"]
[Date "2024.01.12"]
[Round "1"]
[White "Milkievicz Da Rocha, Mateus"]
[Black "Machado, Athauan Pereira"]
[Result "1-0"]
[WhiteElo "1468"]
[BlackElo "1800"]
[PlyCount "86"]
[EventDate "2024.01.12"]
[EventType "swiss"]
[EventRounds "9"]
[EventCountry "BRA"]
[SourceTitle "CB04_2024"]
[SourceDate "2023.10.16"]
[SourceVersion "1"]
[SourceVersionDate "2023.10.16"]
[SourceQuality "1"]

1. e4 e5 2. Nf3 Nc6 3. Bc4 h6 4. 0-0 Bc5 5. b4 Bxb4 6. c3 Ba5 7. Qb3 Qe7 8. d4 d6 9. d5 Nd8 10. Qb5+ Bd7 11. Qxa5 Nf6 12. Bd3 b6 13. Qa3 0-0 14. h3 Nh5 15. Re1 Qf6 16. Nh2 Nf4 17. Bxf4 Qxf4 18. Qc1 Qf6 19. Qe3 Nb7 20. Nd2 Nc5 21. Bc2 c6 22. Nb3 Nb7 23. c4 c5 24. Rf1 b5 25. Bd3 b4 26. f4 a5 27. fxe5 Qxe5 28. Nf3 Qg3 29. Qf2 Qf4 30. Nfd2 Qe5 31. Rac1 a4 32. Nf3 Qf4 33. Nbd2 b3 34. a3 Qf6 35. Nb1 Ra6 36. Nc3 Rb6 37. Qb2 Qf4 38. Nd1 Qg3 39. Qf2 Qf4 40. Nb2 Qf6 41. Nh2 Qg5 42. Qf4 Qe7 43. Rce1 g5 1-0